| 000 | 00447nam a2200181Ia 4500 | ||
|---|---|---|---|
| 001 | 4083 | ||
| 005 | 20260306145729.0 | ||
| 008 | 260306t1997||||xx |||||||||||||| ||spa|| | ||
| 041 | _aESP | ||
| 082 |
_a306.85 _bH12 Nº 48 |
||
| 100 |
_aCalderero, José Fernando _eAUT |
||
| 245 | 0 | _aLos buenos modales de tus hijos mayores | |
| 260 | _c1997 | ||
| 300 |
_a264 páginas : _c19 cm. |
||
| 650 | _aGEN | ||
| 654 | _aCED | ||
| 942 |
_cLIB _dJUS _fJUS _2ddc _n |
||
| 999 |
_c4083 _d4083 |
||